Top Fast Food Restaurants in Canada - Statistics

General Stats
  • This quiz has been taken 1,322 times
  • The average score is 10 of 29
Answer Stats
Hint Answer % Correct
Burger McDonald's
94%
Sandwiches Subway
87%
Coffee Tim Hortons
85%
Burger Burger King
82%
Pizza Pizza Hut
73%
Burger Wendy's
67%
Chicken KFC
65%
Pizza Dominos
58%
Ice Cream Dairy Queen
47%
Burger A&W
45%
Pizza Pizza Pizza
42%
Fries New York Fries
38%
Burger Harvey's
34%
Sandwiches Mr. Sub
23%
Sandwich Quiznos
23%
Pizza Little Caesars
20%
Coffee Second Cup
19%
Chicken Mary Brown's
11%
Greek OPA
10%
Pizza Panago
8%
Burger Carl's Jr
6%
Italian S'barro
5%
Burger 5 Guys
3%
Burger Fatburger
3%
Asian Edo Japan
2%
Burger White Spot
2%
Burger Burger Baron
1%
Chinese Flaming Wok
1%
Cafe La Presse
0%
No matching quizzes found
Score Distribution
Percent of People with Each Score
Percentile by Number Answered
Your Score History
You have not taken this quiz